| 000 | 00774cam a22002653a 4500 | ||
|---|---|---|---|
| 001 | 34 | ||
| 003 | PGUSA | ||
| 005 | 20140828082942.0 | ||
| 008 | 920601s1992||||xxu|||||s|||||000 | eng d | ||
| 040 |
_aPGUSA _beng |
||
| 042 | _adc | ||
| 050 | 4 | _aTK | |
| 100 | 1 |
_aKehoe, Brendan P., _d1970-2011 |
|
| 245 | 1 | 0 |
_aZen and the Art of the Internet _h[electronic resource] / _cBrendan P. Kehoe |
| 260 |
_bProject Gutenberg, _c1992 |
||
| 506 | _aCopyrighted. Read the copyright notice inside this book for details. | ||
| 516 | _aElectronic text | ||
| 653 | _aInformation networks | ||
| 653 | _aInformation retrieval | ||
| 653 | _aInternet | ||
| 653 | _aComputer networks | ||
| 830 | 0 |
_aProject Gutenberg _v34 |
|
| 856 | 4 | 0 | _uhttp://www.gutenberg.org/ebooks/34 |
| 942 | _cEB | ||
| 999 |
_c229405 _d229405 |
||